Arms and armor of ancient Japan ; an historical survey /

Bibliographic Details
Corporate Author: Los Angeles Municipal Art Gallery
Format: Book
Language:English
Published: [Los Angeles] : [publisher not identified], 1964.
Subjects:

MARC

Tag First Indicator Second Indicator Subfields
LEADER 00000cam a2200000 4500
001 in00000010574
005 20151007051412.0
008 780221s1964 caua b 00010 eng d
035 |a (OCoLC)03658127 
035 |9 AAA2792AM 
040 |a TLM  |c TLM  |d m/c  |d TXA  |d UtOrBLW 
049 |a TXAM  |c [A12546213] 
050 4 |a U805  |b .L67 1964 
082 0 4 |a 399 
110 2 |a Los Angeles Municipal Art Gallery. 
245 1 0 |a Arms and armor of ancient Japan ;  |b an historical survey /  |c co-sponsored by the Municipal art patrons of Los Angeles and the Southern California To-ken kai [at the] Municipal Art Gallery, Barnsdall Park, February 19th through March 22nd, 1964. 
264 1 |a [Los Angeles] :  |b [publisher not identified],  |c 1964. 
300 |a 65 pages 
336 |a text  |b txt  |2 rdacontent 
337 |a unmediated  |b n  |2 rdamedia 
338 |a volume  |b nc  |2 rdacarrier 
504 |a Bibliography: page [68]. 
650 0 |a Weapons, Ancient  |z Japan. 
999 |a MARS 
999 f f |s 7e9c3ef9-65c7-3648-9082-22d50a380530  |i 044c0d58-63fa-3882-b94c-b6849964503f  |t 0 
952 f f |p ric  |a Texas A&M University  |b Rellis Campus  |c Joint Library Facility  |d Remote Storage  |t 0  |e U805 .L67 1964  |h Library of Congress classification  |i unmediated -- volume  |m A14812546213 
998 f f |a U805 .L67 1964  |t 0  |l Remote Storage